|
|
|
|
| LEADER |
00000nab a2200000 4500 |
| 001 |
vtls011787018 |
| 003 |
SK-MaSNL |
| 005 |
20260303083903.0 |
| 008 |
181023|20181022xo w||| || ||00 0|slo |
| 040 |
|
|
|e rda
|
| 041 |
|
|
|a slo
|
| 044 |
|
|
|a xo
|c SK
|
| 072 |
|
7 |
|a 656.1/.5
|x Pozemná doprava
|2 konspekt
|
| 080 |
|
|
|a 656.128-051
|2 2001
|
| 245 |
0 |
0 |
|a Čierne nad Topľou a furmani nesklamali
|c oč
|
| 300 |
|
|
|b Fotografie
|
| 336 |
|
|
|a text
|b txt
|2 rdacontent
|
| 337 |
|
|
|a bez média
|b n
|2 rdamedia
|
| 338 |
|
|
|a zväzok
|b nc
|2 rdacarrier
|
| 611 |
2 |
7 |
|a Furmanské preteky
|d (2018 :
|c Čierne nad Topľou, Slovensko)
|2 vthk
|9 1091053
|
| 650 |
0 |
7 |
|a furmani
|2 vthk
|9 60330
|
| 651 |
|
7 |
|a Čierne nad Topľou (Slovensko)
|2 vthk
|9 60164
|
| 773 |
0 |
|
|t Vranovské novinky
|g Roč.22, č.30 (2018), s.11
|x 1338-1040
|
| 999 |
|
|
|c 1793321
|d 1795251
|